Wards of Niigata City - Statistics

General Stats
  • This quiz has been taken 19 times
  • The average score is 7 of 8
Answers on the Map
Answers color-coded by a green-red scale on the quiz's map according to % correct below.
 
Answer Stats
Answer % Correct
Chuo 中央
100%
Higashi 東
100%
Minami 南
100%
Nishi 西
100%
Akiha 秋葉
77%
Kita 北
77%
Nishikan 西蒲
77%
Konan 江南
62%
No matching quizzes found
Score Distribution
Percent of People with Each Score
Percentile by Number Answered
Your Score History
You have not taken this quiz